| 000 | 005910000a22002050004500 | ||
|---|---|---|---|
| 003 | LK-CoMWRAF | ||
| 005 | 20231106154305.0 | ||
| 008 | 230817t2005 ||||| |||| 00| 0 eng d | ||
| 020 | _a9559631829 | ||
| 040 |
_aLK-CoMWRAF _dLK-CoMWRAF _eLK-CoMWRAF |
||
| 041 | _aeng | ||
| 082 |
_a930.1 _bFER |
||
| 100 | _aFernando, Mihindukulasuriya Susantha | ||
| 245 |
_aAlien mysteries in Sri Lanka and Egypt: _bThe new version |
||
| 260 |
_a[Colombo]: _bAuthor, _c2005 |
||
| 300 | _a344 p. : ill., maps ; 23 cm. | ||
| 650 | _a Sri Lanka--Civilization | ||
| 650 | _aEgypt--Civilization. | ||
| 942 | _cBK | ||
| 999 |
_c946 _d946 |
||